000 00974nam a22002535i 4500
001 176458
003 ES-MaACL
005 20250829131836.0
008 110117s1967 sp |||| | spa d
080 _a2:37
080 _a27-534.4
100 1 _aSchieber, Javier.
_9144785
245 1 3 _aLa parábola del buen amo y sus obreros :
_bnotas exegéticas, explicación teológica y reflexiones pedagógicas para una catequesis de la bondad salvífica de Dios /
_cpor Javier Schieber.
260 _aMadrid :
_bApostolado de la Prensa,
_c[1967]
300 _a20 p. ;
_c23 cm.
490 1 _aCuadernos de pedagogía religiosa. Escritura ;
_v15
650 4 _aReligión-
_xEnseñanza.
_9144779
650 4 _aParábolas cristianas.
_9171877
710 2 _aApostolado de la Prensa.
_91403
830 1 0 _aCuadernos de pedagogía religiosa
_v15
_9190056
852 4 _aES-MaACL
_jE-14073(15)
_xOlim P-1242
852 4 _aES-MaACL
_jC-37117(15)
999 _c176458
_d176458